000 00326nam a22001337a 4500
008 241108b |||||||| |||| 00| 0 eng d
020 _a9789361595554
100 _aM.M Mahajan
245 _aReady Reckoner for Indian Economy. 3rd Ed.
250 _a3rd
260 _aNoida
_bPearson
_c2025
300 _a74
942 _2ddc
_cBK
999 _c20995
_d20995